000 00477nam a2200157 i 4500
001 82751
003 ES-MaACL
005 20230906174727.0
007 t|
008 041111s1972 sp ||||1| spa d
100 1 _aIdoate, Florencio.
_965049
245 1 3 _aUn documento de la Inquisición sobre brujería en Navarra /
_cpor Florencio Idoate.
260 _aPamplona :
_bAranzadi,
_c1972.
300 _a193 p., 11 lám. :
_bil. ;
_c25 cm.
852 _aES-MaACL
_jC-43066
_bR.82042
999 _c82751
_d82751